| 000 | 00869nam a2200217Ia 4500 | ||
|---|---|---|---|
| 003 | Ost | ||
| 005 | 20260507075013.0 | ||
| 008 | 260507s9999||||xx |||||||||||||| ||und|| | ||
| 040 | _cfsecg | ||
| 041 | _aara | ||
| 082 | _a339 | ||
| 100 |
_aالأشقر، أحمد _eمؤلف |
||
| 245 | 0 |
_aالإقتصاد الكلي / _c أحمد الأشقر |
|
| 260 |
_aعمان: _bالدار العلمية الدولية, _c2002 |
||
| 300 |
_a392 صفحة؛ _c24 سم |
||
| 520 | _aعلم الإقتصاد-الناتج والدخل-الإنتاج الكلي-الإستهلاك الكليوالإدخار الكلي-الإستثمار الكلي-قطاع التجارة الخارجية-قطاع الحكومة والموازنة الحكومية | ||
| 653 | _aالاستهلاك | ||
| 653 | _aالإقتصاد الكلي | ||
| 653 | _aالانتاج | ||
| 942 | _cكتاب | ||
| 999 |
_c42186 _d42186 |
||